|
|
|
|
| LEADER |
00751nam a2200181 a 4500 |
| 008 |
091110s1998 ii 000 0 eng d |
| 020 |
|
|
|a 8174886788
|
| 082 |
0 |
0 |
|a 338.903
|2 21
|
| 245 |
1 |
0 |
|a International encyclopedia of sustainable development /
|c edited by P.C. Sinha.
|
| 260 |
|
|
|a India :
|b Anmol Publications Pvt. Ltd,
|c 1998.
|
| 300 |
|
|
|a viii, 295 p. ;
|c 25 cm.
|
| 362 |
0 |
|
|a Vol. 7
|
| 541 |
1 |
|
|e 00008067
|
| 650 |
|
0 |
|a Sustainable development
|v Encyclopedias
|
| 700 |
1 |
|
|a Sinha, P. C.
|
| 852 |
4 |
|
|a Ayesha Abed Library
|j General shelf
|
| 999 |
|
|
|c 5360
|d 5360
|
| 952 |
|
|
|0 0
|1 0
|2 ddc
|4 0
|6 338_903000000000000_INT
|7 0
|9 5222
|a SCL
|b SCL
|c GEN
|d 2009-11-10
|g 1000.00
|l 0
|o 338.903 INT
|p 3010008067
|r 2009-11-10
|t 1
|v 2000.00
|w 2009-11-10
|y BK
|x Transferred from BRACUL to SCL on 08/08/22
|